00740nam a2200241 a 4500001001300000003000900013005001700022008004100039020002300080082001500103100001800118245008200136260003300218300000900251500003500260505002400295650001300319700001800332902000800350942000700358952011600365999001700481nice12345678IN_TiNIC20260116014108.0070308s2006 dela grp 000 0 eng  a8189013688 c39500a305.4bANU aAnupama, Lata aPlaying With FirebFeminist Thought and Activism Through Seven Lives in India aDelhibKali for Women c2006 a202p aincludes index and biblioraphy2 aSelect Bibliography aFeminism1 aAnupama, Lata bSRS cBK 001040708StackRoom-aHMIbHMId2010-07-07g395.00l0o305.4 ANUp021821r2010-07-07v395.00w2007-03-08yBK c13858d13858